000 00310nam a22001457a 4500
020 _a0-439-29609-9
082 _a823
_bAVI/C
100 _aAVI
245 _aTHE CHRISTMAS RAT
260 _aNEW YORK
_bSCHOLASTIC INC
_c2000
300 _a135
520 _aENGLISH NOVEL
650 _aENGLISH NOVEL
942 _cBK
999 _c5653
_d5653